[Event "ENG-ch Seniors 65"]
[Site "Solihull"]
[Date "2019.04.07"]
[Round "6"]
[White "Crombleholme, Alan K"]
[Black "Tucker, David Sidney"]
[Result "1/2-1/2"]
[WhiteElo "1941"]
[BlackElo "1980"]
[PlyCount "55"]
[EventDate "2019.04.04"]
[EventType "swiss"]
[EventRounds "6"]
[EventCountry "ENG"]
[SourceTitle "CBM 190 Extra"]
[Source "ChessBase"]
[SourceDate "2019.07.15"]
[SourceVersion "1"]
[SourceVersionDate "2019.07.15"]
[SourceQuality "1"]

1. d4 c5 2. d5 Nf6 3. Nc3 d6 4. e4 g6 5. Nf3 Bg7 6. Nd2 0-0 7. Be2 Na6 8. 0-0 Nc7 9. a4 b6 10. Nc4 Ba6 11. Bg5 Rb8 12. Ne3 Bxe2 13. Qxe2 a6 14. Nc4 Qd7 15. f3 b5 16. axb5 axb5 17. Na5 e6 18. Qd2 b4 19. Nd1 exd5 20. Bxf6 Bxf6 21. exd5 Ra8 22. c4 bxc3 23. Nxc3 Bd4+ 24. Kh1 Rfe8 25. Nc4 Rab8 26. Ra7 Qd8 27. Qf4 Be5 28. Nxe5 1/2-1/2

[Event "ENG-ch Seniors 65"]
[Site "Solihull"]
[Date "2019.04.04"]
[Round "1"]
[White "Crombleholme, Alan K"]
[Black "Taylor, Robert P"]
[Result "1-0"]
[WhiteElo "1941"]
[BlackElo "1659"]
[PlyCount "35"]
[EventDate "2019.04.04"]
[EventType "swiss"]
[EventRounds "6"]
[EventCountry "ENG"]
[SourceTitle "CBM 190 Extra"]
[Source "ChessBase"]
[SourceDate "2019.07.15"]
[SourceVersion "1"]
[SourceVersionDate "2019.07.15"]
[SourceQuality "1"]

1. d4 d5 2. c4 e6 3. Nc3 c6 4. e4 Bb4 5. Bd3 dxc4 6. Bxc4 Nf6 7. e5 Nd5 8. Nge2 0-0 9. 0-0 Nxc3 10. bxc3 Be7 11. Ng3 Qa5 12. Ne4 Nd7 13. Qg4 Kh8 14. Qh3 c5 15. Bd3 cxd4 16. Nf6 h6 17. Bxh6 Nxf6 18. exf6 1-0

[Event "BCF-chT3Sa 1819 (4NCL)"]
[Site "England"]
[Date "2018.11.18"]
[Round "2.44"]
[White "Crombleholme, Alan K"]
[Black "Wojciechowski, Paul"]
[Result "1/2-1/2"]
[WhiteElo "1976"]
[BlackElo "1908"]
[PlyCount "41"]
[EventDate "2018.11.17"]
[EventType "team-tourn"]
[EventRounds "7"]
[EventCountry "ENG"]
[SourceTitle "EXT 2021"]
[Source "ChessBase"]
[SourceDate "2020.10.23"]
[SourceVersion "1"]
[SourceVersionDate "2020.10.23"]
[SourceQuality "1"]
[WhiteTeam "Iceni"]
[BlackTeam "Leeds University Old Boys"]
[WhiteTeamCountry "ENG"]
[BlackTeamCountry "ENG"]

1. Nf3 Nf6 2. c4 g6 3. Nc3 d5 4. cxd5 Nxd5 5. Qa4+ Nc6 6. Ne5 Nxc3 7. dxc3 Bd7 8. Nxd7 Qxd7 9. e4 Ne5 10. Qxd7+ Nxd7 11. Be3 Bg7 12. 0-0-0 a6 13. Be2 0-0-0 14. g4 Nf6 15. f3 h5 16. g5 Nd7 17. f4 e6 18. Rd2 Nb6 19. Rhd1 Rxd2 20. Rxd2 Rd8 21. Bxb6 1/2-1/2

[Event "GBR-ch 105th Morning op"]
[Site "Hull"]
[Date "2018.08.02"]
[Round "4"]
[White "Crombleholme, Alan K"]
[Black "Royal, Shreyas"]
[Result "1/2-1/2"]
[WhiteElo "1974"]
[BlackElo "1927"]
[PlyCount "61"]
[EventDate "2018.07.30"]
[EventType "swiss"]
[EventRounds "5"]
[EventCountry "ENG"]
[SourceTitle "EXT 2019"]
[Source "ChessBase"]
[SourceDate "2018.10.10"]
[SourceVersion "1"]
[SourceVersionDate "2018.10.10"]
[SourceQuality "1"]

1. Nf3 Nf6 2. d4 d5 3. c4 e6 4. g3 c6 5. Qc2 Bb4+ 6. Bd2 Be7 7. Bg2 Nbd7 8. 0-0 0-0 9. Rd1 b6 10. b3 Ba6 11. Bg5 Rc8 12. Nbd2 c5 13. dxc5 bxc5 14. e3 h6 15. Bxf6 Bxf6 16. Rac1 Qe7 17. Re1 Rfd8 18. e4 d4 19. e5 Bg5 20. Rcd1 Bxd2 21. Nxd2 Nb8 22. Ne4 Nc6 23. Nd6 Rc7 24. Bxc6 Rxc6 25. Qe4 Bb7 26. Nxb7 Qxb7 27. Rd3 Qa6 28. Re2 Rc7 29. Red2 Qa3 30. Kg2 Qb4 31. h4 1/2-1/2

[Event "BCF-ch Seniors 65"]
[Site "Hull"]
[Date "2018.07.31"]
[Round "3"]
[White "Crombleholme, Alan K"]
[Black "Price, Andrew"]
[Result "1-0"]
[WhiteElo "1974"]
[BlackElo "1779"]
[PlyCount "93"]
[EventDate "2018.07.29"]
[EventType "swiss"]
[EventRounds "7"]
[EventCountry "ENG"]
[SourceTitle "CBM 185 Extra"]
[Source "ChessBase"]
[SourceDate "2018.07.29"]
[SourceVersion "1"]
[SourceVersionDate "2018.07.29"]
[SourceQuality "1"]

1. Nf3 f5 2. d4 e6 3. g3 Nf6 4. Bg2 Be7 5. c4 d5 6. 0-0 0-0 7. b3 Ne4 8. Bb2 Nd7 9. Nbd2 Ndf6 10. Ne5 Nxd2 11. Qxd2 c6 12. Rad1 Bd7 13. Qc2 Be8 14. Nd3 Qd7 15. Ne5 Qd8 16. Rc1 Bg6 17. Nxg6 hxg6 18. e3 Kf7 19. f3 Rh8 20. Rf2 Bd6 21. Bf1 Rc8 22. Bd3 Rh6 23. cxd5 Nxd5 24. Qd2 Bb4 25. Qe2 Qg5 26. f4 Qe7 27. e4 Nf6 28. Rg2 Rch8 29. Bc3 Ng4 30. Bxb4 Qxb4 31. Rc4 Qd6 32. exf5 exf5 33. Ra4 Re8 34. Qd2 Rhh8 35. Be2 Ne3 36. Rf2 a6 37. Bf3 Re7 38. Re2 Rhe8 39. Ra5 Nd5 40. Bxd5+ cxd5 41. Re5 Rxe5 42. fxe5 Qe6 43. Rc5 Re7 44. Qc3 g5 45. Qf3 Rd7 46. Qh5+ Qg6 47. e6+ 1-0

[Event "BCF-chT4S 1718 (4NCL)"]
[Site "England"]
[Date "2018.05.07"]
[Round "11.42"]
[White "Marsh, Roger DW"]
[Black "Crombleholme, Alan K"]
[Result "1/2-1/2"]
[WhiteElo "1956"]
[BlackElo "1994"]
[PlyCount "88"]
[EventDate "2017.11.11"]
[EventType "team-swiss"]
[EventRounds "11"]
[EventCountry "ENG"]
[SourceTitle "EXT 2020"]
[Source "ChessBase"]
[SourceDate "2019.10.17"]
[SourceVersion "1"]
[SourceVersionDate "2019.10.17"]
[SourceQuality "1"]
[WhiteTeam "Wessex II"]
[BlackTeam "Iceni"]
[WhiteTeamCountry "ENG"]
[BlackTeamCountry "ENG"]

1. d4 Nf6 2. c4 e6 3. Nc3 d5 4. cxd5 exd5 5. Bg5 Nbd7 6. e3 c6 7. Bd3 h6 8. Bh4 Be7 9. Qc2 0-0 10. Nge2 Re8 11. 0-0 Ne4 12. Bxe7 Qxe7 13. Rab1 Ndf6 14. b4 Nxc3 15. Nxc3 Bd7 16. b5 cxb5 17. Bxb5 b6 18. Bd3 Rec8 19. Qb3 Qd6 20. Rbc1 Rc7 21. Ne2 Rxc1 22. Rxc1 Rc8 23. Rxc8+ Bxc8 24. Nc3 Bd7 25. Be2 Bf5 26. Bf3 Be4 27. Bxe4 dxe4 28. h3 Qc6 29. a4 g6 30. Qa3 Kg7 31. Kh2 Qc7+ 32. g3 h5 33. Qb3 h4 34. Ne2 hxg3+ 35. fxg3 Qc6 36. Nc3 Qc8 37. g4 Qc6 38. Kg2 g5 39. Nb5 Qc1 40. Nd6 Qd2+ 41. Kf1 Nd5 42. Nf5+ Kh7 43. Qxd5 Qd1+ 44. Kf2 Qd2+ 1/2-1/2

[Event "BCF-chT4S 1718 (4NCL)"]
[Site "England"]
[Date "2018.05.05"]
[Round "9.14"]
[White "Kenning, Paul H"]
[Black "Crombleholme, Alan K"]
[Result "1/2-1/2"]
[WhiteElo "1855"]
[BlackElo "1994"]
[PlyCount "49"]
[EventDate "2017.11.11"]
[EventType "team-swiss"]
[EventRounds "11"]
[EventCountry "ENG"]
[SourceTitle "EXT 2020"]
[Source "ChessBase"]
[SourceDate "2019.10.17"]
[SourceVersion "1"]
[SourceVersionDate "2019.10.17"]
[SourceQuality "1"]
[WhiteTeam "Iceni II"]
[BlackTeam "Iceni"]
[WhiteTeamCountry "ENG"]
[BlackTeamCountry "ENG"]

1. e4 c6 2. d4 d5 3. exd5 cxd5 4. c4 Nf6 5. Nc3 Nc6 6. Bg5 Be6 7. Nf3 Ne4 8. Nxe4 dxe4 9. d5 exf3 10. dxe6 Qa5+ 11. Qd2 Qe5+ 12. Qe3 0-0-0 13. Qxe5 Nxe5 14. Rd1 Rxd1+ 15. Kxd1 g6 16. exf7 Nxf7 17. Be3 Bg7 18. Kc2 fxg2 19. Bxg2 Kb8 20. Rd1 Rd8 21. Bd5 Nh6 22. Bf4+ e5 23. Bg5 Rf8 24. Be6 Nf5 25. Bxf5 1/2-1/2

[Event "BCF-chT4S 1718 (4NCL)"]
[Site "England"]
[Date "2018.03.25"]
[Round "8.42"]
[White "Crombleholme, Alan K"]
[Black "Choo, Yin Benjamin"]
[Result "1-0"]
[WhiteElo "1994"]
[BlackElo "1747"]
[PlyCount "81"]
[EventDate "2017.11.11"]
[EventType "team-swiss"]
[EventRounds "11"]
[EventCountry "ENG"]
[SourceTitle "EXT 2020"]
[Source "ChessBase"]
[SourceDate "2019.10.17"]
[SourceVersion "1"]
[SourceVersionDate "2019.10.17"]
[SourceQuality "1"]
[WhiteTeam "Iceni"]
[BlackTeam "Fischer's Catch"]
[WhiteTeamCountry "ENG"]
[BlackTeamCountry "WLS"]

1. Nf3 Nf6 2. c4 c5 3. Nc3 Nc6 4. g3 g6 5. Bg2 Bg7 6. 0-0 d5 7. cxd5 Nxd5 8. Nxd5 Qxd5 9. d3 0-0 10. a3 h6 11. Rb1 Rd8 12. Be3 Qd6 13. Qc1 c4 14. Qxc4 Be6 15. Qc5 Qxc5 16. Bxc5 Rac8 17. b4 b6 18. Be3 Bg4 19. Rfc1 Bxf3 20. Bxf3 Nd4 21. Bxd4 Bxd4 22. Rc6 Rxc6 23. Bxc6 Kg7 24. e3 Bf6 25. d4 e6 26. Kf1 Be7 27. a4 Rc8 28. b5 Rc7 29. Ke2 f5 30. Kd3 Bd6 31. Kc4 Kf6 32. Ra1 a5 33. f3 e5 34. Kd5 Bb4 35. dxe5+ Ke7 36. e4 fxe4 37. Kxe4 Rc8 38. Rd1 Rf8 39. Rd7+ Ke6 40. Rg7 Rd8 41. Rxg6+ 1-0

[Event "GBR-ch Morning op 104th"]
[Site "Llandudno"]
[Date "2017.08.03"]
[Round "4"]
[White "Somton, Anita"]
[Black "Crombleholme, Alan K"]
[Result "0-1"]
[WhiteElo "1705"]
[BlackElo "2009"]
[PlyCount "94"]
[EventDate "2017.07.31"]
[EventType "swiss"]
[EventRounds "5"]
[EventCountry "WLS"]
[SourceTitle "EXT 2018"]
[Source "ChessBase"]
[SourceDate "2017.10.13"]
[SourceVersion "1"]
[SourceVersionDate "2017.10.13"]
[SourceQuality "1"]

1. d4 Nf6 2. c4 d6 3. Nc3 Nbd7 4. e4 e5 5. d5 c6 6. Nf3 Be7 7. Be2 Qc7 8. 0-0 0-0 9. Ne1 Nc5 10. Qc2 cxd5 11. cxd5 Ne8 12. Be3 f5 13. Nb5 Qb8 14. Bxc5 dxc5 15. f3 a6 16. Nc3 Qd6 17. Nd3 f4 18. Rad1 Bd7 19. a4 b6 20. Qb3 Kh8 21. Nf2 Nc7 22. Nb1 b5 23. axb5 axb5 24. Na3 c4 25. Qc2 Na6 26. Rb1 Nc5 27. Bd1 Nb3 28. Qe2 Nd4 29. Qd2 Rfc8 30. Nc2 Nb3 31. Qe1 Qb6 32. Be2 Qa5 33. Qxa5 Rxa5 34. Rfd1 Bd6 35. g3 g5 36. gxf4 gxf4 37. Kh1 Ra2 38. Rg1 c3 39. Nd3 cxb2 40. Ndb4 Nd4 41. Nxd4 Bxb4 42. Nxb5 Rb8 43. Nc7 Ba4 44. Bc4 Bd1 45. Bxa2 Bc2 46. Na6 Bxb1 47. Bxb1 Rc8 0-1

[Event "BCF-ch Seniors 65"]
[Site "Llandudno"]
[Date "2017.07.31"]
[Round "2"]
[White "Crombleholme, Alan K"]
[Black "Goodwin, Ed H"]
[Result "1-0"]
[WhiteElo "2009"]
[BlackElo "1856"]
[PlyCount "109"]
[EventDate "2017.07.30"]
[EventType "swiss"]
[EventRounds "7"]
[EventCountry "WLS"]
[SourceTitle "CBM 179 Extra"]
[Source "ChessBase"]
[SourceDate "2017.08.23"]
[SourceVersion "1"]
[SourceVersionDate "2017.08.23"]
[SourceQuality "1"]

1. Nf3 e6 2. c4 f5 3. g3 Nf6 4. Bg2 Be7 5. d4 d6 6. Nc3 0-0 7. Qc2 Nc6 8. 0-0 e5 9. dxe5 dxe5 10. Rd1 Qe8 11. Nd5 Bd8 12. b3 Qh5 13. Bb2 Re8 14. Nxf6+ Bxf6 15. e4 f4 16. c5 Bh3 17. Qe2 Bxg2 18. Kxg2 g5 19. h3 fxg3 20. fxg3 g4 21. hxg4 Qxg4 22. Rd2 Re7 23. Nd4 Qxe2+ 24. Nxe2 Kf7 25. Rh1 Kg6 26. Nc3 Bg5 27. Rf2 h6 28. Nd5 Rd7 29. Bc1 Bxc1 30. Rxc1 Nd4 31. Rcf1 c6 32. Ne3 Kg7 33. Nc4 Re8 34. Rh1 Ree7 35. Rh5 Rf7 36. Rxf7+ Rxf7 37. Nxe5 Re7 38. Kf2 Kf6 39. Ng4+ Kg6 40. Re5 Rxe5 41. Nxe5+ Kg7 42. Ke3 Ne6 43. b4 Kf6 44. Nf3 Kg6 45. Nd4 Nc7 46. Kf4 Kf6 47. a3 Ne8 48. Nf5 h5 49. Nd6 Nc7 50. Nxb7 Nb5 51. Na5 Nxa3 52. Nxc6 Nb5 53. Ke3 Kg5 54. Ne5 Kf6 55. Nf3 1-0

[Event "GBR-ch Morning op 104th"]
[Site "Llandudno"]
[Date "2017.07.31"]
[Round "1"]
[White "Crombleholme, Alan K"]
[Black "Ratnesan, Ranesh"]
[Result "0-1"]
[WhiteElo "2009"]
[BlackElo "1845"]
[PlyCount "104"]
[EventDate "2017.07.31"]
[EventType "swiss"]
[EventRounds "5"]
[EventCountry "WLS"]
[SourceTitle "EXT 2018"]
[Source "ChessBase"]
[SourceDate "2017.10.13"]
[SourceVersion "1"]
[SourceVersionDate "2017.10.13"]
[SourceQuality "1"]

1. d4 Nf6 2. Nf3 g6 3. c4 Bg7 4. Nc3 0-0 5. e4 d6 6. Be2 Nbd7 7. 0-0 e5 8. Re1 c6 9. Bf1 exd4 10. Nxd4 Ng4 11. h3 Qb6 12. hxg4 Bxd4 13. Re2 Be5 14. Be3 Qc7 15. g5 f6 16. Rc1 fxg5 17. Bxg5 Nf6 18. Qd3 Nh5 19. g3 Bg4 20. Re3 Qg7 21. Be2 Be6 22. Rf3 Rxf3 23. Bxf3 Rf8 24. Kg2 h6 25. Be3 Qf7 26. Be2 g5 27. Rh1 Nf6 28. f4 gxf4 29. gxf4 Bxc3 30. bxc3 Qg6+ 31. Kf1 Qxe4 32. Rxh6 Bf5 33. Qxe4 Nxe4 34. Ke1 Kg7 35. Rh2 c5 36. Bf3 Re8 37. Rb2 b6 38. Bxe4 Rxe4 39. Re2 Rxc4 40. Bd2 Kf7 41. Rg2 Ra4 42. Bc1 Ke6 43. Re2+ Kd5 44. Rb2 Rc4 45. Rd2+ Kc6 46. Rh2 Rxc3 47. Bd2 Rc2 48. Rh5 Bd3 49. Rh3 Bf5 50. Ra3 a5 51. Kd1 Rb2 52. Ke2 Be6 0-1

[Event "BCF-chT3Sa 1617 (4NCL)"]
[Site "England"]
[Date "2017.02.11"]
[Round "5.43"]
[White "Crombleholme, Alan K"]
[Black "McDougall, William M"]
[Result "0-1"]
[WhiteElo "2045"]
[BlackElo "1971"]
[PlyCount "74"]
[EventDate "2016.11.26"]
[EventType "team-tourn"]
[EventRounds "11"]
[EventCountry "ENG"]
[SourceTitle "EXT 2019"]
[Source "ChessBase"]
[SourceDate "2018.10.10"]
[SourceVersion "1"]
[SourceVersionDate "2018.10.10"]
[SourceQuality "1"]
[WhiteTeam "Surbiton"]
[BlackTeam "Wessex"]
[WhiteTeamCountry "ENG"]
[BlackTeamCountry "ENG"]

1. c4 c5 2. Nc3 Nc6 3. Nf3 g6 4. g3 Bg7 5. Bg2 d6 6. 0-0 Nf6 7. d4 cxd4 8. Nxd4 Bd7 9. b3 0-0 10. Bb2 Qa5 11. e3 Rac8 12. Qe2 a6 13. Rfd1 Bg4 14. f3 Bd7 15. Bf1 Rfe8 16. Qe1 Qh5 17. Qf2 Qa5 18. Rac1 b5 19. cxb5 Nxd4 20. Rxd4 axb5 21. b4 Qb6 22. Rdd1 Bh6 23. Re1 Bc6 24. Bh3 Bd7 25. Bxd7 Nxd7 26. Nd5 Rxc1 27. Nxb6 Rxe1+ 28. Qxe1 Nxb6 29. Qc3 e5 30. f4 Rc8 31. Qb3 Bg7 32. Kf2 Nc4 33. fxe5 dxe5 34. Ke2 Rd8 35. Bc1 e4 36. a4 Rd3 37. Qa2 Rc3 0-1

[Event "BCF-ch Seniors 65"]
[Site "Bournemouth"]
[Date "2016.07.25"]
[Round "2"]
[White "Price, Andrew"]
[Black "Crombleholme, Alan K"]
[Result "1/2-1/2"]
[WhiteElo "1787"]
[BlackElo "2059"]
[PlyCount "60"]
[EventDate "2016.07.24"]
[EventType "swiss"]
[EventRounds "7"]
[EventCountry "ENG"]
[SourceTitle "CBM 173 Extra"]
[Source "ChessBase"]
[SourceDate "2016.08.29"]
[SourceVersion "1"]
[SourceVersionDate "2016.08.29"]
[SourceQuality "1"]

1. e4 c6 2. d4 d5 3. Nd2 dxe4 4. Nxe4 Nd7 5. Nf3 Ngf6 6. Ng3 c5 7. dxc5 e6 8. c3 Bxc5 9. Bd3 0-0 10. 0-0 Qc7 11. Qc2 h6 12. Ne4 Nxe4 13. Bxe4 Nf6 14. Nd4 Bxd4 15. cxd4 Qxc2 16. Bxc2 b6 17. Be3 Bb7 18. Rac1 Rac8 19. Rfd1 Rfd8 20. Rd3 Kf8 21. Rc3 Rxc3 22. bxc3 Rc8 23. Bd3 Ke7 24. f3 Nd5 25. Bd2 Nc7 26. Kf2 Rd8 27. Ke2 Ba6 28. Bxa6 Nxa6 29. Bf4 Rd5 30. Ke3 Ra5 1/2-1/2

[Event "BCF-chT3Sb 1516 (4NCL)"]
[Site "England"]
[Date "2015.11.15"]
[Round "2.99"]
[White "Roberts, Nick W"]
[Black "Crombleholme, Alan K"]
[Result "1/2-1/2"]
[WhiteElo "1949"]
[BlackElo "2081"]
[PlyCount "26"]
[EventDate "2015.11.14"]
[EventType "team-swiss"]
[EventRounds "7"]
[EventCountry "ENG"]
[SourceTitle "CBM 169 Extra"]
[Source "ChessBase"]
[SourceDate "2015.12.18"]
[SourceVersion "1"]
[SourceVersionDate "2015.12.18"]
[SourceQuality "1"]

1. d4 Nf6 2. Nf3 e6 3. g3 b6 4. Bg2 Bb7 5. 0-0 Be7 6. b3 0-0 7. Bb2 d5 8. Nbd2 Nbd7 9. c4 c5 10. e3 Qc7 11. Rc1 dxc4 12. Nxc4 Rad8 13. Qe2 Qb8 1/2-1/2

[Event "BCF-chT3Sb 1516 (4NCL)"]
[Site "England"]
[Date "2015.11.14"]
[Round "1.99"]
[White "Crombleholme, Alan K"]
[Black "McMahon, Paul"]
[Result "1/2-1/2"]
[WhiteElo "2081"]
[BlackElo "1996"]
[PlyCount "65"]
[EventDate "2015.11.14"]
[EventType "team-swiss"]
[EventRounds "7"]
[EventCountry "ENG"]
[SourceTitle "CBM 169 Extra"]
[Source "ChessBase"]
[SourceDate "2015.12.18"]
[SourceVersion "1"]
[SourceVersionDate "2015.12.18"]
[SourceQuality "1"]

1. Nf3 Nf6 2. c4 e6 3. g3 d5 4. b3 b6 5. Bg2 Bb7 6. 0-0 Nbd7 7. d4 Bd6 8. Nc3 a6 9. Qc2 Qe7 10. Bg5 h6 11. Bxf6 Nxf6 12. Ne5 0-0 13. cxd5 exd5 14. Nc4 Rfe8 15. Ne3 Rab8 16. Qf5 Qe6 17. Rac1 Qxf5 18. Nxf5 Bb4 19. e3 Rbd8 20. Na4 Bc8 21. Nh4 Re7 22. Rc2 Bd6 23. Rfc1 g5 24. Nf3 Bf5 25. Rc6 Bd7 26. Ne5 Bxe5 27. dxe5 Ne8 28. Rxh6 Kg7 29. Rh5 Kg6 30. Rh8 Kg7 31. Rh5 Kg6 32. Rh8 Kg7 33. Rh5 1/2-1/2

[Event "BCF-chT3S 1415 (4NCL)"]
[Site "England"]
[Date "2015.02.14"]
[Round "5.168"]
[White "Scott, Ian"]
[Black "Crombleholme, Alan K"]
[Result "0-1"]
[WhiteElo "1671"]
[BlackElo "2091"]
[PlyCount "68"]
[EventDate "2014.11.15"]
[EventType "team-swiss"]
[EventRounds "6"]
[EventCountry "ENG"]
[SourceTitle "EXT 2016"]
[Source "ChessBase"]
[SourceDate "2015.10.08"]
[SourceVersion "1"]
[SourceVersionDate "2015.10.08"]
[SourceQuality "1"]
[WhiteTeam "Throw in the Tal"]
[BlackTeam "Surbiton"]
[WhiteTeamCountry "ENG"]
[BlackTeamCountry "ENG"]

1. c4 e5 2. g3 Nf6 3. Bg2 Nc6 4. Nc3 Bb4 5. e3 0-0 6. Nge2 Re8 7. 0-0 b6 8. a3 Bf8 9. d4 Bb7 10. dxe5 Rxe5 11. b3 Na5 12. Bxb7 Nxb7 13. Bb2 Re8 14. Nf4 c6 15. Qf3 Nc5 16. Qd1 Qe7 17. b4 Nce4 18. Nxe4 Nxe4 19. Qd3 Rad8 20. f3 Ng5 21. h4 Ne6 22. Nxe6 Qxe6 23. Kf2 d5 24. cxd5 Rxd5 25. Qc3 Red8 26. Bc1 Qh3 27. f4 Rd1 28. Rxd1 Rxd1 29. Qc4 b5 30. Qe2 Qh2+ 31. Kf3 Qh1+ 32. Kg4 g6 33. Qc2 Rd5 34. f5 Rxf5 0-1

[Event "BCF-chT3S 1415 (4NCL)"]
[Site "England"]
[Date "2015.01.11"]
[Round "4.158"]
[White "Crombleholme, Alan K"]
[Black "Green, Michael"]
[Result "0-1"]
[WhiteElo "2105"]
[BlackElo "1872"]
[PlyCount "66"]
[EventDate "2014.11.15"]
[EventType "team-swiss"]
[EventRounds "6"]
[EventCountry "ENG"]
[SourceTitle "EXT 2016"]
[Source "ChessBase"]
[SourceDate "2015.10.08"]
[SourceVersion "1"]
[SourceVersionDate "2015.10.08"]
[SourceQuality "1"]
[WhiteTeam "Surbiton"]
[BlackTeam "KJCA Knights"]
[WhiteTeamCountry "ENG"]
[BlackTeamCountry "ENG"]

1. d4 Nf6 2. Nf3 c5 3. d5 e6 4. c4 exd5 5. cxd5 d6 6. Nc3 g6 7. e4 Bg7 8. Nd2 a6 9. a4 Nbd7 10. Be2 0-0 11. 0-0 Re8 12. Qc2 Qc7 13. Nc4 Ne5 14. Nxe5 Rxe5 15. Bf4 Re8 16. Rfe1 Rb8 17. Rab1 Bd7 18. b4 cxb4 19. Rxb4 Rxe4 20. Qxe4 Nxe4 21. Nxe4 Qa5 22. Bxd6 Re8 23. Rd1 Bxa4 24. Rc1 f5 25. Ng3 Bf8 26. Bxf8 Kxf8 27. Rxb7 Re7 28. Rb8+ Re8 29. Rb7 f4 30. Rcc7 Rxe2 31. Rf7+ Ke8 32. Rxh7 Qe1+ 33. Nf1 Qxf2+ 0-1

[Event "BCF-chT3S 1415 (4NCL)"]
[Site "England"]
[Date "2014.11.15"]
[Round "1.99"]
[White "Crombleholme, Alan K"]
[Black "Jina, Asha"]
[Result "1-0"]
[WhiteElo "2110"]
[BlackElo "1548"]
[PlyCount "61"]
[EventDate "2014.11.15"]
[EventType "team-swiss"]
[EventRounds "6"]
[EventCountry "ENG"]
[SourceTitle "CBM 163 Extra"]
[Source "ChessBase"]
[SourceDate "2014.12.23"]
[SourceVersion "1"]
[SourceVersionDate "2014.12.23"]
[SourceQuality "1"]
[WhiteTeam "Surbiton"]
[BlackTeam "Midland Monarchs"]
[WhiteTeamCountry "ENG"]
[BlackTeamCountry "ENG"]

1. d4 Nf6 2. c4 g6 3. Nc3 Bg7 4. e4 d6 5. Nf3 0-0 6. Be2 e5 7. 0-0 Nc6 8. d5 Ne7 9. Ne1 Nd7 10. Nd3 f5 11. Bd2 Nf6 12. f3 c6 13. Qc2 cxd5 14. cxd5 Qb6+ 15. Nf2 Bd7 16. Kh1 Rac8 17. a4 fxe4 18. fxe4 Nfxd5 19. a5 Qd4 20. Ng4 Bxg4 21. Bxg4 Rc4 22. Be6+ Kh8 23. Rxf8+ Bxf8 24. exd5 Nxd5 25. Qd1 Rc5 26. Bxd5 Rxd5 27. Qf3 Kg8 28. Rf1 Bg7 29. Qf7+ Kh8 30. Qe8+ Bf8 31. Qxf8# 1-0

[Event "BCF-ch Seniors"]
[Site "Aberystwyth"]
[Date "2014.07.30"]
[Round "5"]
[White "McKerracher, Douglas"]
[Black "Crombleholme, Alan K"]
[Result "0-1"]
[WhiteElo "1973"]
[BlackElo "2101"]
[PlyCount "86"]
[EventDate "2014.07.26"]
[EventType "swiss"]
[EventRounds "7"]
[EventCountry "WLS"]
[SourceTitle "EXT 2017"]
[Source "ChessBase"]
[SourceDate "2016.10.25"]
[SourceVersion "1"]
[SourceVersionDate "2016.10.25"]
[SourceQuality "1"]

1. e4 c6 2. d3 e5 3. Nf3 Nf6 4. Nbd2 d6 5. g3 Be7 6. Bg2 0-0 7. 0-0 Nbd7 8. Re1 Re8 9. a4 a5 10. c3 Qc7 11. d4 Bf8 12. Qc2 g6 13. b3 b6 14. Ba3 Bb7 15. dxe5 dxe5 16. Bxf8 Rxf8 17. Rad1 b5 18. Ra1 Nb6 19. Bf1 bxa4 20. bxa4 Ba6 21. Bxa6 Rxa6 22. Rab1 Rd8 23. Rb2 Nfd7 24. Nb3 Nxa4 25. Ra2 Nac5 26. Rea1 a4 27. Nxc5 Nxc5 28. Qe2 Qe7 29. Qc4 Rb6 30. Re1 Rb5 31. h4 Kg7 32. Qe2 f6 33. h5 Qe6 34. Raa1 Qg4 35. hxg6 hxg6 36. Kg2 Nd3 37. Qe3 Rb2 38. Rf1 Re2 39. Qb6 Nf4+ 40. Kg1 Qxf3 41. Qc7+ Kh6 42. gxf4 Qg4+ 43. Kh1 Rd3 0-1

[Event "BCF-ch Seniors"]
[Site "Aberystwyth"]
[Date "2014.07.29"]
[Round "4"]
[White "Crombleholme, Alan K"]
[Black "Bimpson, Tom"]
[Result "1/2-1/2"]
[WhiteElo "2101"]
[BlackElo "2052"]
[PlyCount "59"]
[EventDate "2014.07.26"]
[EventType "swiss"]
[EventRounds "7"]
[EventCountry "WLS"]
[SourceTitle "EXT 2017"]
[Source "ChessBase"]
[SourceDate "2016.10.25"]
[SourceVersion "1"]
[SourceVersionDate "2016.10.25"]
[SourceQuality "1"]

1. d4 d6 2. Nf3 Bg4 3. Nbd2 Nf6 4. e4 Nbd7 5. c3 c6 6. Bd3 e5 7. 0-0 Be7 8. Re1 0-0 9. a4 d5 10. exd5 exd4 11. dxc6 dxc3 12. bxc3 bxc6 13. Qc2 Nc5 14. Ne5 Nxd3 15. Qxd3 Qxd3 16. Nxd3 Rfe8 17. Nc4 Bf5 18. Nde5 Bc5 19. Be3 Bf8 20. Nxc6 Be6 21. N4a5 Nd5 22. Bd4 Rec8 23. g3 Nb6 24. Ne5 Bd5 25. c4 Bb4 26. cxd5 Bxa5 27. Rec1 Nxd5 28. Nc6 Bb6 29. a5 Bxd4 30. Nxd4 1/2-1/2

[Event "BCF-chT3 1314 (4NCL)"]
[Site "England"]
[Date "2014.05.04"]
[Round "10.98"]
[White "Whitehead, David J"]
[Black "Crombleholme, Alan K"]
[Result "0-1"]
[WhiteElo "2013"]
[BlackElo "2101"]
[PlyCount "80"]
[EventDate "2013.11.16"]
[EventType "team-swiss"]
[EventRounds "11"]
[EventCountry "ENG"]
[SourceTitle "EXT 2015"]
[Source "ChessBase"]
[SourceDate "2014.11.20"]
[SourceVersion "1"]
[SourceVersionDate "2014.11.20"]
[SourceQuality "1"]
[WhiteTeam "Kings Head II"]
[BlackTeam "Surbiton"]
[WhiteTeamCountry "ENG"]
[BlackTeamCountry "ENG"]

1. e4 Nf6 2. e5 Nd5 3. d4 d6 4. Nf3 dxe5 5. Nxe5 c6 6. c4 Nb4 7. Be3 Bf5 8. Na3 Nd7 9. Nxd7 Qxd7 10. Be2 e6 11. 0-0 Be7 12. Qb3 0-0 13. Rfd1 a5 14. Bf4 Bf6 15. Qg3 Rfd8 16. h4 Qe7 17. h5 Rxd4 18. h6 Rxf4 19. Qxf4 Bxb2 20. Rab1 Bxb1 21. Nxb1 Rd8 22. a3 Na6 23. Nd2 Qf6 24. Qxf6 Bxf6 25. Ne4 Rxd1+ 26. Bxd1 Be7 27. a4 gxh6 28. Kf1 f5 29. Nd2 Nc5 30. f3 Kf7 31. Ke2 e5 32. Bc2 Ke6 33. g4 fxg4 34. fxg4 Bg5 35. Ne4 Nxe4 36. Bxe4 Kd6 37. Kd3 Kc5 38. Kc3 Bh4 39. Bc2 Be1+ 40. Kd3 Kb4 0-1